000 00595nam a2200109Ia 4500
008 171212s9999 xx 000 0 und d
100 _aKaufman, Julia H.;Hamilton, Laura S.;Stecher, Brian M.;Naftel, Scott;Robbins, Michael
245 _cKaufman, Julia H.;Hamilton, Laura S.;Stecher, Brian M.;Naftel, Scott;Robbins, Michael
_aWhat Are Teachers' and School Leaders' Major Concerns About New K–12 State Tests?
_bFindings from the American Teacher and American School Leader Panels
260 _bRAND Corporation
_c2015
650 _aEducation
856 _uhttp://jstor.org/stable/10.7249/j.ctt19w72c7
999 _c352812
_d352812